000 00923cab a2200265 4500
001 WB3321-32
008 090401t1997 xxu||||| |||| 00| 0 eng d
035 _a(Sirsi) u78592
041 _aeng
245 _aLandlords face wrath of agents
260 _c1997
350 _a0
490 _aEstates Gazette
_v(9721) 24 May 1997, 40(1)
520 _aARLA proposes that landlords should be forced to register all tenanted property to improve the quality of accommodation at the lower end of the market.
650 _aARLA
650 _aLANDLORDS
650 _aLETTING AGENTS
650 _aPRIVATE RENTED SECTOR
650 _aREGISTRATION
650 _aRESIDENTIAL MANAGEMENT
650 _aPROPERTY-RESIDENTIAL PROPERTY-RESIDENTIAL LANDLORD AND TENANT-RESIDENTIAL TENANCIES
690 _aPROPERTY-RESIDENTIAL PROPERTY-RESIDENTIAL LANDLORD AND TENANT-RESIDENTIAL TENANCIES
942 _n0
948 _c28/05/1997
999 _c49424
_d49424